[Event "Nachod op 11th"]
[Site "Nachod"]
[Date "2013.07.04"]
[Round "6"]
[White "Neubauer, Vilem"]
[Black "Pribyl, Jaroslav1"]
[Result "1-0"]
[WhiteElo "1859"]
[BlackElo "1986"]
[PlyCount "169"]
[EventDate "2013.06.29"]
[EventType "swiss"]
[EventRounds "9"]
[EventCountry "CZE"]
[SourceTitle "CBM 155 Extra"]
[Source "ChessBase"]
[SourceDate "2013.08.26"]
[SourceVersion "1"]
[SourceVersionDate "2013.08.26"]
[SourceQuality "1"]

1. f4 b6 2. e4 Bb7 3. d3 e6 4. Nf3 d6 5. g3 Nd7 6. Bg2 Ngf6 7. 0-0 e5 8. Nc3 c6 9. a4 a5 10. d4 Qc7 11. dxe5 dxe5 12. fxe5 Nxe5 13. Nxe5 Qxe5 14. Bf4 Bc5+ 15. Kh1 Qe6 16. e5 Nd5 17. Ne4 0-0 18. Ng5 Qe7 19. Qh5 h6 20. Ne4 Nxf4 21. gxf4 Ba6 22. Rfe1 Rad8 23. Nxc5 Qxc5 24. Be4 Rfe8 25. Rg1 Re6 26. Qg4 g6 27. Qg2 Bc4 28. Rad1 Bd5 29. Bxd5 Rxd5 30. Rxd5 Qxd5 31. b3 Kf8 32. Qxd5 cxd5 33. Rd1 Rc6 34. Rd2 Rc5 35. Kg2 Ke7 36. Kf3 Ke6 37. Kg4 Rc3 38. Rf2 Re3 39. c4 Rxb3 40. cxd5+ Kxd5 41. Rd2+ Ke6 42. Rd6+ Ke7 43. Rc6 Rb4 44. h4 Kf8 45. Rc8+ Kg7 46. Rb8 Rb3 47. h5 f5+ 48. exf6+ Kxf6 49. hxg6 Kxg6 50. Rg8+ Kf7 51. Rc8 Rb4 52. Rc6 h5+ 53. Kf5 h4 54. Rh6 Kg7 55. Rxh4 Rxa4 56. Rh1 Rb4 57. Rc1 Kf7 58. Rc7+ Ke8 59. Ke5 Kd8 60. Ra7 a4 61. f5 Rb5+ 62. Ke6 Ra5 63. Rd7+ Kc8 64. Rd1 a3 65. f6 Kc7 66. f7 Ra8 67. Rc1+ Kb7 68. Ra1 Rc8 69. Rxa3 Rc6+ 70. Ke7 Rc7+ 71. Kf6 Rc1 72. f8Q Rf1+ 73. Ke7 Rxf8 74. Kxf8 Kc6 75. Ke7 Kc5 76. Ke6 b5 77. Ke5 Kc4 78. Ra8 b4 79. Ke4 Kc3 80. Ke3 b3 81. Rc8+ Kb2 82. Kd2 Kb1 83. Kc3 b2 84. Rb8 Ka1 85. Kc2 1-0

[Event "Nachod op 11th"]
[Site "Nachod"]
[Date "2013.07.03"]
[Round "5"]
[White "Szucs, Matyas"]
[Black "Neubauer, Vilem"]
[Result "1-0"]
[WhiteElo "2001"]
[BlackElo "1859"]
[PlyCount "57"]
[EventDate "2013.06.29"]
[EventType "swiss"]
[EventRounds "9"]
[EventCountry "CZE"]
[SourceTitle "CBM 155 Extra"]
[Source "ChessBase"]
[SourceDate "2013.08.26"]
[SourceVersion "1"]
[SourceVersionDate "2013.08.26"]
[SourceQuality "1"]

1. e4 g6 2. d4 Bg7 3. f4 d6 4. c3 f5 5. e5 dxe5 6. fxe5 c5 7. Nf3 cxd4 8. cxd4 e6 9. Nc3 Ne7 10. Bc4 h6 11. Qb3 Qb6 12. Qxb6 axb6 13. Nb5 Kd7 14. b3 Nd5 15. Bxd5 exd5 16. Nh4 Nc6 17. Nxg6 Re8 18. 0-0 Ra5 19. a4 Rxb5 20. axb5 Nxd4 21. Bb2 Ne2+ 22. Kf2 Re6 23. Kxe2 Rxg6 24. Rxf5 Rxg2+ 25. Rf2 Rg4 26. Rc1 Re4+ 27. Kd3 Bxe5 28. Bxe5 Rxe5 29. Rf8 1-0

[Event "Rychnov Seniors op"]
[Site "Rychnov nad Kneznou"]
[Date "2012.08.26"]
[Round "7"]
[White "Neubauer, Vilem"]
[Black "Mlynek, Petr"]
[Result "0-1"]
[WhiteElo "1868"]
[BlackElo "2153"]
[PlyCount "46"]
[EventDate "2012.08.20"]
[EventType "swiss"]
[EventRounds "9"]
[EventCountry "CZE"]
[SourceTitle "CBM 150 Extra"]
[Source "ChessBase"]
[SourceDate "2012.10.19"]
[SourceVersion "1"]
[SourceVersionDate "2012.10.19"]
[SourceQuality "1"]

1. f4 d5 2. g3 g6 3. Nf3 Bg7 4. Bg2 Nf6 5. 0-0 0-0 6. d3 c5 7. Nc3 d4 8. Ne4 Nxe4 9. dxe4 Nc6 10. e5 f6 11. exf6 exf6 12. e4 b6 13. c3 Bb7 14. cxd4 Nxd4 15. Nxd4 cxd4 16. Qb3+ Kh8 17. Rd1 Re8 18. Be3 Bd5 19. Qd3 Qe7 20. e5 Bxg2 21. Bxd4 Bb7 22. Re1 fxe5 23. fxe5 Qe6 0-1

[Event "Rychnov Seniors op"]
[Site "Rychnov nad Kneznou"]
[Date "2012.08.25"]
[Round "6"]
[White "Novotny, Josef"]
[Black "Neubauer, Vilem"]
[Result "1/2-1/2"]
[WhiteElo "2100"]
[BlackElo "1868"]
[PlyCount "155"]
[EventDate "2012.08.20"]
[EventType "swiss"]
[EventRounds "9"]
[EventCountry "CZE"]
[SourceTitle "CBM 150 Extra"]
[Source "ChessBase"]
[SourceDate "2012.10.19"]
[SourceVersion "1"]
[SourceVersionDate "2012.10.19"]
[SourceQuality "1"]

1. e3 g6 2. d3 Bg7 3. Nf3 d5 4. g3 e5 5. Bg2 Ne7 6. Nc3 0-0 7. e4 d4 8. Ne2 c5 9. c4 dxc3 10. bxc3 Nbc6 11. Be3 b6 12. Qd2 Re8 13. Rd1 Bb7 14. Bh6 Bh8 15. h4 Qc7 16. h5 Rad8 17. Ng5 c4 18. hxg6 hxg6 19. Nc1 cxd3 20. Bh3 Bc8 21. Bxc8 Qxc8 22. f3 Na5 23. Bf8 Kxf8 24. Rxh8+ Ng8 25. Nxd3 Qc4 26. Qc2 Nc6 27. Rd2 f6 28. Nh3 Rc8 29. Qb3 Qxb3 30. axb3 Kg7 31. Rh4 Na5 32. b4 Nb3 33. Ra2 Re7 34. Nhf2 Rxc3 35. Kf1 Rd7 36. Kg2 a5 37. bxa5 bxa5 38. Rh1 Ne7 39. Rb1 Nc6 40. Ra3 Ncd4 41. f4 exf4 42. Nxf4 Rc2 43. Raxb3 Nxb3 44. Rxb3 a4 45. Ra3 Rdd2 46. N4d3 Ra2 47. Rc3 g5 48. Kf3 Rdc2 49. Rxc2 Rxc2 50. Nb4 Rc3+ 51. Nfd3 a3 52. Ke3 Rb3 53. Kd4 Rb2 54. Kc3 Rg2 55. Kb3 a2 56. Nxa2 Rxg3 57. Kc4 Rh3 58. Nc3 g4 59. Nf4 Rf3 60. Ncd5 Rf2 61. Kd4 Kf7 62. Ke3 Rh2 63. Ne2 Rh8 64. Kf4 Rg8 65. Ne3 Ke6 66. Ng3 Ra8 67. Nxg4 Ra4 68. Nf5 Kf7 69. Nge3 Ra1 70. Nd4 Rb1 71. Kf5 Ra1 72. Ne6 Ra6 73. Nf4 Rc6 74. Ned5 Ra6 75. Nh5 Ra4 76. Nhxf6 Rxe4 77. Nxe4 Kg7 78. Ng5 1/2-1/2

[Event "Nachod op"]
[Site "Nachod"]
[Date "2012.06.30"]
[Round "1"]
[White "Karlik, Vladimir"]
[Black "Neubauer, Vilem"]
[Result "1/2-1/2"]
[WhiteElo "2329"]
[BlackElo "1881"]
[PlyCount "156"]
[EventDate "2012.06.30"]
[EventType "swiss"]
[EventRounds "9"]
[EventCountry "CZE"]
[SourceTitle "CBM 149 Extra"]
[Source "ChessBase"]
[SourceDate "2012.08.24"]
[SourceVersion "1"]
[SourceVersionDate "2012.08.24"]
[SourceQuality "1"]

1. d4 g6 2. e4 Bg7 3. Nc3 d6 4. Nf3 Bg4 5. Bc4 e6 6. Be3 Ne7 7. Qd2 Bxf3 8. gxf3 d5 9. Bb5+ c6 10. Be2 h5 11. 0-0 Nd7 12. a4 Nf6 13. Bg5 Nh7 14. Be3 Nf6 15. Bf4 dxe4 16. fxe4 Ng4 17. Bxg4 hxg4 18. Rfd1 Qa5 19. e5 Nf5 20. Ne4 Qxd2 21. Rxd2 0-0-0 22. c3 Bh6 23. Bg5 Bxg5 24. Nxg5 Rdf8 25. f4 gxf3 26. Rf1 Rh5 27. Nxf3 g5 28. Ne1 Rfh8 29. Rff2 g4 30. Rg2 Rh4 31. Rde2 g3 32. hxg3 Rg4 33. Kf2 Rhg8 34. Kf3 Rxg3+ 35. Rxg3 Rxg3+ 36. Kf2 b6 37. Nf3 Rg4 38. Re1 c5 39. dxc5 bxc5 40. b3 Nh4 41. Rh1 Nxf3 42. Kxf3 Rg5 43. Kf4 Rf5+ 44. Ke4 Rf2 45. Kd3 Kc7 46. Rh8 Rf4 47. Ra8 Kb7 48. Re8 a5 49. Rh8 Rf5 50. Rd8 Kc7 51. Ra8 Rxe5 52. Ra7+ Kb6 53. Rxf7 Rh5 54. Rf4 Rh3+ 55. Kc4 Re3 56. Rf8 Re4+ 57. Kd3 Rh4 58. Rb8+ Kc6 59. Rb5 Rh3+ 60. Kc2 Rh2+ 61. Kc1 e5 62. Rxa5 e4 63. b4 cxb4 64. cxb4 Ra2 65. b5+ Kb7 66. Ra6 e3 67. Kd1 e2+ 68. Ke1 Rb2 69. Kf2 Ra2 70. a5 Rb2 71. Rb6+ Ka7 72. Ke1 Ra2 73. Ra6+ Kb7 74. Kf2 Rb2 75. Re6 Rxb5 76. a6+ Ka7 77. Kxe2 Ra5 78. Kd3 Rxa6 1/2-1/2

[Event "Nachod op 9th"]
[Site "Nachod"]
[Date "2011.07.06"]
[Round "5.35"]
[White "Vagner, Patrik"]
[Black "Neubauer, Vilem"]
[Result "0-1"]
[WhiteElo "1729"]
[BlackElo "1906"]
[PlyCount "56"]
[EventDate "2011.07.02"]
[EventType "swiss"]
[EventRounds "9"]
[EventCountry "CZE"]
[SourceTitle "EXT 2012"]
[Source "ChessBase"]
[SourceDate "2011.11.24"]
[SourceVersion "1"]
[SourceVersionDate "2011.11.24"]
[SourceQuality "1"]

1. d4 g6 2. c4 Bg7 3. Nc3 d6 4. e4 f5 5. Nf3 fxe4 6. Nxe4 Nf6 7. Bd3 0-0 8. 0-0 Bg4 9. Be3 Nc6 10. Nxf6+ exf6 11. Be2 f5 12. Qd2 Qf6 13. Bg5 Qf7 14. d5 Bxf3 15. Bxf3 Ne5 16. Be2 f4 17. Bh4 g5 18. Bxg5 Qf5 19. Bh4 Ng6 20. Bd3 Qg4 21. Bxg6 hxg6 22. Be7 Rf7 23. f3 Qh5 24. Rfe1 Re8 25. Bxd6 Rxe1+ 26. Rxe1 cxd6 27. Qb4 Bd4+ 28. Kh1 Qxh2+ 0-1

[Event "Rychnov op"]
[Site "Rychnov nad Kneznou"]
[Date "2010.08.25"]
[Round "3"]
[White "Neubauer, Vilem"]
[Black "Lauko, Marian"]
[Result "1-0"]
[WhiteElo "1903"]
[BlackElo "1980"]
[PlyCount "95"]
[EventDate "2010.08.23"]
[EventType "swiss"]
[EventRounds "7"]
[EventCountry "CZE"]
[SourceTitle "CBM 138 Extra"]
[Source "ChessBase"]
[SourceDate "2010.10.29"]
[SourceVersion "1"]
[SourceVersionDate "2010.10.29"]
[SourceQuality "1"]

1. f4 d5 2. g3 Nf6 3. Bg2 c5 4. Nf3 Nc6 5. 0-0 e6 6. d3 Be7 7. Qe1 Qb6 8. e4 c4+ 9. Kh1 dxe4 10. dxe4 0-0 11. c3 Bd7 12. Qe2 Na5 13. Be3 Bc5 14. Bxc5 Qxc5 15. Nbd2 b5 16. Ne5 Rad8 17. g4 Bc8 18. g5 Nd7 19. Ng4 Nb6 20. e5 Bb7 21. Bxb7 Nxb7 22. Ne4 Qc6 23. Qg2 Kh8 24. Rae1 Nc5 25. Nxc5 Qxc5 26. Re4 Rd3 27. h4 Qd5 28. Ne3 Qd8 29. f5 exf5 30. Nxf5 Qd7 31. Nd6 Nc8 32. Nf5 Rd2 33. Rf2 Rd1+ 34. Kh2 Qe6 35. Nd4 Qe8 36. Qf3 Rd3 37. Qf4 Ne7 38. e6 Qc8 39. Qd6 Ng6 40. h5 fxe6 41. Rxf8+ Nxf8 42. Rf4 Kg8 43. Qe7 Rd2+ 44. Kg1 Nd7 45. Qf7+ Kh8 46. Qxd7 Qg8 47. Qe7 e5 48. Rf8 1-0

[Event "Nachod op"]
[Site "Nachod"]
[Date "2006.07.05"]
[Round "5"]
[White "Neubauer, Vilem"]
[Black "Soural, Jan"]
[Result "0-1"]
[WhiteElo "2033"]
[BlackElo "2171"]
[PlyCount "70"]
[EventDate "2006.07.01"]
[EventType "swiss"]
[EventRounds "9"]
[EventCountry "CZE"]
[SourceTitle "CBM 113 Extra"]
[Source "ChessBase"]
[SourceDate "2006.09.14"]
[SourceVersion "1"]
[SourceVersionDate "2006.09.14"]
[SourceQuality "1"]

1. f4 g6 2. g3 Bg7 3. Bg2 d5 4. Nf3 c5 5. 0-0 Nc6 6. d3 Nf6 7. Nc3 d4 8. Ne4 Nxe4 9. dxe4 e5 10. f5 f6 11. fxg6 hxg6 12. Nh4 Ne7 13. e3 Be6 14. Qe2 Qd7 15. exd4 cxd4 16. c3 Rc8 17. cxd4 Bc4 18. Qf2 Bxf1 19. Bxf1 Qxd4 20. Be3 Qxe4 21. Bg2 Qc2 22. Qe1 Bh6 23. Bxh6 Rxh6 24. Bxb7 Rd8 25. Nf3 Qc5+ 26. Kg2 Qb6 27. Be4 f5 28. Bc2 Qxb2 29. Rc1 e4 30. Nh4 g5 31. Nxf5 Nxf5 32. Qxe4+ Ne7 33. Re1 Rd2+ 34. Kf3 Qf6+ 35. Ke3 Qf2# 0-1

[Event "Janske Lazne op-A"]
[Site "Janske Lazne"]
[Date "2006.05.05"]
[Round "4"]
[White "Neubauer, Vilem"]
[Black "Vacek, Martin"]
[Result "1/2-1/2"]
[WhiteElo "1987"]
[BlackElo "2313"]
[PlyCount "212"]
[EventDate "2006.??.??"]
[EventType "swiss"]
[EventRounds "9"]
[EventCountry "CZE"]
[SourceTitle "EXT 2008"]
[Source "ChessBase"]
[SourceDate "2007.11.25"]
[SourceVersion "1"]
[SourceVersionDate "2007.11.25"]
[SourceQuality "1"]

1. f4 d5 2. g3 g6 3. Nf3 Bg7 4. Bg2 Nh6 5. 0-0 0-0 6. d3 d4 7. c4 Nc6 8. Bd2 Nf5 9. Na3 Qd6 10. Nc2 a5 11. a4 Rb8 12. Rb1 b6 13. g4 Ne3 14. Bxe3 dxe3 15. h3 Nb4 16. Nxe3 Qxf4 17. Nc2 Nxc2 18. Qxc2 Bb7 19. e4 Qe3+ 20. Kh1 Rbd8 21. Rbd1 e5 22. Rfe1 Qc5 23. Rf1 Rfe8 24. g5 Re7 25. h4 Bc8 26. Nh2 Qe3 27. Rf3 Qc5 28. b3 Qc6 29. Rg1 Be6 30. Bf1 Qd7 31. Qg2 c6 32. Ng4 Bxg4 33. Qxg4 Qxg4 34. Rxg4 Red7 35. Rg2 Rd6 36. Rc2 Rd4 37. Rh2 Bf8 38. Rhf2 R4d7 39. Rf6 Rc7 40. Rh2 Be7 41. Rff2 Bc5 42. Rf3 Rd6 43. Ra2 Kg7 44. Rh2 Rcd7 45. Kg2 Rd8 46. Kg3 Rf8 47. Kg4 f5+ 48. gxf6+ Rdxf6 49. Rxf6 Rxf6 50. Be2 h5+ 51. Kg3 Rf4 52. Bf3 Kf6 53. Rh3 Ke6 54. Kg2 Be7 55. Kg3 Rf8 56. Rh1 Kd6 57. Rg1 Bxh4+ 58. Kxh4 Rxf3 59. Rxg6+ Kc5 60. Re6 Rxd3 61. Rxe5+ Kd6 62. Rxh5 Rxb3 63. e5+ Ke6 64. Rh6+ Kxe5 65. Rxc6 Kd4 66. Kg4 Ra3 67. Rxb6 Kxc4 68. Kf4 Rxa4 69. Ke3 Ra2 70. Rc6+ Kb3 71. Kd3 Rh2 72. Rb6+ Ka3 73. Kc3 a4 74. Rb1 Ka2 75. Rb8 Rh3+ 76. Kc2 Rh7 77. Rb2+ Ka3 78. Rb8 Rh3 79. Rb1 Rh2+ 80. Kc3 Ka2 81. Rb8 a3 82. Rg8 Rh1 83. Ra8 Rc1+ 84. Kd2 Rc5 85. Rh8 Kb2 86. Rb8+ Ka1 87. Rh8 Rc4 88. Ra8 Ka2 89. Rb8 Rh4 90. Kc2 Rh2+ 91. Kc1 Rb2 92. Ra8 Rb4 93. Kc2 Rc4+ 94. Kd3 Rg4 95. Kc2 Rg2+ 96. Kc3 Rg3+ 97. Kc2 Ka1 98. Rh8 Rg1 99. Rf8 a2 100. Rh8 Rg2+ 101. Kc1 Rg6 102. Rb8 Rc6+ 103. Kd2 Rg6 104. Kc2 Rg1 105. Rh8 Rb1 106. Rh7 Rg1 1/2-1/2

[Event "Nachod op 9th"]
[Site "Nachod"]
[Date "2003.??.??"]
[Round "7"]
[White "Folta, Jaroslav"]
[Black "Neubauer, Vilem"]
[Result "0-1"]
[WhiteElo "1960"]
[BlackElo "1820"]
[PlyCount "108"]
[EventDate "2003.??.??"]
[EventType "swiss"]
[EventRounds "9"]
[EventCountry "CZE"]
[SourceTitle "EXT 2007"]
[Source "ChessBase"]
[SourceDate "2006.11.23"]
[SourceVersion "1"]
[SourceVersionDate "2006.11.23"]
[SourceQuality "1"]

1. d4 g6 2. c4 Bg7 3. e4 d6 4. Nc3 f5 5. Bg5 fxe4 6. Nxe4 Nc6 7. d5 Nd4 8. Ne2 c5 9. N2c3 Bf5 10. Bd3 Qd7 11. 0-0 h6 12. Bf4 0-0-0 13. a4 g5 14. Bg3 Nf6 15. f3 Nh5 16. Bf2 Nf4 17. Nb5 Nxb5 18. axb5 b6 19. Ra2 Nxd3 20. Qxd3 Kb7 21. Qa3 Ra8 22. Bg3 Bxe4 23. fxe4 Rhf8 24. Rxf8 Bxf8 25. Qd3 Bg7 26. b3 Rf8 27. h3 h5 28. Qd1 h4 29. Bf2 Be5 30. Be3 Rg8 31. Qg4 Qxg4 32. hxg4 Bf6 33. Rf2 a6 34. bxa6+ Kxa6 35. Rf5 b5 36. Kf1 bxc4 37. bxc4 Ka5 38. Ke2 Kb4 39. Kd3 Kb3 40. Rf1 Ra8 41. Rb1+ Ka2 42. Rb5 Ra3+ 43. Ke2 Rc3 44. e5 Bxe5 45. Bxg5 Rxc4 46. Bxh4 Rxg4 47. Bxe7 Rxg2+ 48. Kd3 Rg3+ 49. Kc2 Rc3+ 50. Kd2 c4 51. Rb6 Rb3 52. Ra6+ Kb1 53. Bxd6 c3+ 54. Ke2 Bxd6 0-1

[Event "Nachod op 9th"]
[Site "Nachod"]
[Date "2003.??.??"]
[Round "4"]
[White "Gogela, Jan"]
[Black "Neubauer, Vilem"]
[Result "1/2-1/2"]
[WhiteElo "1955"]
[BlackElo "1820"]
[PlyCount "132"]
[EventDate "2003.??.??"]
[EventType "swiss"]
[EventRounds "9"]
[EventCountry "CZE"]
[SourceTitle "EXT 2007"]
[Source "ChessBase"]
[SourceDate "2006.11.23"]
[SourceVersion "1"]
[SourceVersionDate "2006.11.23"]
[SourceQuality "1"]

1. e4 g6 2. d4 Bg7 3. c4 d6 4. Nc3 f5 5. Be2 Nf6 6. Bf3 Nc6 7. Nge2 fxe4 8. Nxe4 Nxe4 9. Bxe4 0-0 10. Be3 Bf5 11. Ng3 Bxe4 12. Nxe4 e5 13. d5 Qh4 14. Ng5 Nd4 15. g3 Qh5 16. Qxh5 gxh5 17. Bxd4 exd4 18. Ne6 Rf7 19. Nxg7 Kxg7 20. Rd1 Re8+ 21. Kf1 Re4 22. Rd3 c5 23. Rd2 b5 24. cxb5 Re5 25. h3 Rxd5 26. Kg2 Rb7 27. a4 Re5 28. Rc1 Kf7 29. f4 Re3 30. b4 Rc3 31. Re1 d3 32. bxc5 dxc5 33. Re5 c4 34. Kf3 Re7 35. Rxe7+ Kxe7 36. Ke3 Ke6 37. Kd4 Rc1 38. a5 Kf5 39. b6 axb6 40. axb6 h6 41. Rb2 Rc2 42. Rb1 d2 43. b7 c3 44. Rd1 Rb2 45. Kxc3 Rxb7 46. Rxd2 Rc7+ 47. Kb4 Rb7+ 48. Kc3 Rc7+ 49. Kb4 Rb7+ 50. Kc5 Rc7+ 51. Kd6 Rc3 52. Rd5+ Kg6 53. Ke7 Rf3 54. Ke6 Re3+ 55. Re5 Ra3 56. f5+ Kg7 57. f6+ Kg6 58. Ke7 Ra7+ 59. Ke6 Ra6+ 60. Ke7 Ra7+ 61. Ke6 Ra6+ 62. Kd7 Ra7+ 63. Ke8 Ra3 64. Kd7 Kxf6 65. Rxh5 Rxg3 66. Rxh6+ Kg5 1/2-1/2

[Event "Nachod op 8th"]
[Site "Nachod"]
[Date "2002.??.??"]
[Round "3"]
[White "Most, Zdenek"]
[Black "Neubauer, Vilem"]
[Result "1/2-1/2"]
[WhiteElo "2115"]
[BlackElo "1880"]
[PlyCount "92"]
[EventDate "2002.??.??"]
[EventType "swiss"]
[EventRounds "9"]
[EventCountry "CZE"]
[SourceTitle "EXT 2007"]
[Source "ChessBase"]
[SourceDate "2006.11.23"]
[SourceVersion "1"]
[SourceVersionDate "2006.11.23"]
[SourceQuality "1"]

1. d4 g6 2. Nf3 Bg7 3. c4 Nf6 4. Nc3 0-0 5. e4 d6 6. h3 Nbd7 7. Be2 c6 8. 0-0 e5 9. d5 c5 10. Ne1 Ne8 11. Be3 Qe7 12. Nd3 Nb6 13. b3 f5 14. f3 f4 15. Bf2 Bf6 16. Qe1 Ng7 17. b4 cxb4 18. Nxb4 Nh5 19. a4 Ng3 20. Bxg3 fxg3 21. a5 Nd7 22. a6 Bh4 23. axb7 Bxb7 24. Nc6 Bxc6 25. dxc6 Nb6 26. Nd5 Nxd5 27. cxd5 Bg5 28. Ba6 Rab8 29. Qxg3 Be3+ 30. Kh1 Rf4 31. Rab1 Bb6 32. Rfc1 Qc7 33. Qg5 Kg7 34. Be2 h6 35. Qg3 h5 36. Qe1 g5 37. Qg3 Kf6 38. Qe1 Kg6 39. g3 Rf7 40. Kg2 Qe7 41. Qd2 Qf8 42. Rb3 Rc8 43. Rcb1 Rcc7 44. Qd1 Rh7 45. Qd2 h4 46. g4 Rhf7 1/2-1/2

[Event "Nachod op 8th"]
[Site "Nachod"]
[Date "2002.??.??"]
[Round "6"]
[White "Neubauer, Vilem"]
[Black "Beseda, Roman"]
[Result "0-1"]
[WhiteElo "1880"]
[BlackElo "2110"]
[PlyCount "124"]
[EventDate "2002.??.??"]
[EventType "swiss"]
[EventRounds "9"]
[EventCountry "CZE"]
[SourceTitle "EXT 2007"]
[Source "ChessBase"]
[SourceDate "2006.11.23"]
[SourceVersion "1"]
[SourceVersionDate "2006.11.23"]
[SourceQuality "1"]

1. f4 e6 2. Nf3 d5 3. g3 f5 4. Bg2 Nf6 5. d3 Be7 6. 0-0 0-0 7. b3 c6 8. Bb2 Ng4 9. Qd2 Qb6+ 10. d4 Nd7 11. h3 Nh6 12. Kh2 Qd8 13. c4 Qe8 14. Nc3 Qh5 15. a4 Kh8 16. Ng5 Nf6 17. Bf3 Qg6 18. Ba3 Bxa3 19. Rxa3 Nhg8 20. Bh1 Ne4 21. Qe3 Ngf6 22. Ngxe4 fxe4 23. Bg2 h5 24. Nd1 Ne8 25. c5 b6 26. b4 bxc5 27. dxc5 Rb8 28. Qd4 Qf6 29. Qd2 Nc7 30. Ne3 Na6 31. Nc2 Qb2 32. Raa1 Bd7 33. Rfb1 Qf6 34. e3 e5 35. Rf1 h4 36. g4 exf4 37. exf4 g5 38. fxg5 Qe5+ 39. Kh1 Qg3 40. Qd4+ Kg8 41. Ra3 Rxf1+ 42. Bxf1 Qf4 43. Qf6 Qxf6 44. gxf6 Nxb4 45. Rb3 a5 46. Kg2 Kf7 47. g5 Kg6 48. Nd4 Kxg5 49. Be2 Kxf6 50. Bg4 Rg8 51. Kh2 Bxg4 52. hxg4 Rxg4 53. Nxc6 Nxc6 54. Rb6 e3 55. Rxc6+ Ke7 56. Rb6 e2 57. Rb1 d4 58. Kh3 Rg5 59. Kxh4 Rxc5 60. Re1 d3 61. Kg3 Rf5 62. Kg2 Kd6 0-1

[Event "Nachod op 8th"]
[Site "Nachod"]
[Date "2002.??.??"]
[Round "4"]
[White "Neubauer, Vilem"]
[Black "Jirkovsky, Tomas"]
[Result "0-1"]
[WhiteElo "1880"]
[BlackElo "2045"]
[PlyCount "92"]
[EventDate "2002.??.??"]
[EventType "swiss"]
[EventRounds "9"]
[EventCountry "CZE"]
[SourceTitle "EXT 2007"]
[Source "ChessBase"]
[SourceDate "2006.11.23"]
[SourceVersion "1"]
[SourceVersionDate "2006.11.23"]
[SourceQuality "1"]

1. f4 c5 2. Nf3 Nc6 3. g3 g6 4. Bg2 Bg7 5. 0-0 d5 6. d3 e6 7. Nc3 Nge7 8. e4 0-0 9. e5 a6 10. a4 b6 11. g4 Rb8 12. Ng5 Nd4 13. Be3 Nxc2 14. Qxc2 d4 15. Nce4 dxe3 16. Nd6 Nd5 17. Qe2 Nxf4 18. Rxf4 Qxg5 19. Re4 Bxe5 20. h4 Qf6 21. Nc4 Qf2+ 22. Qxf2 exf2+ 23. Kxf2 Bd4+ 24. Kg3 Bb7 25. Re2 Bxg2 26. Kxg2 Rfd8 27. Rf1 Rd7 28. h5 gxh5 29. gxh5 Rd5 30. Rh1 b5 31. axb5 axb5 32. Na3 Rf5 33. Rh3 h6 34. Rg3+ Rg5 35. Kh3 Rb6 36. Reg2 f6 37. Rxg5+ hxg5 38. Kg4 Kg7 39. b3 Kh6 40. Rh2 Be5 41. Rc2 Rd6 42. Rxc5 Rxd3 43. Rxe5 f5+ 44. Rxf5 exf5+ 45. Kxf5 Rxb3 46. Nc2 Kxh5 0-1

[Event "Nachod op 8th"]
[Site "Nachod"]
[Date "2002.??.??"]
[Round "2"]
[White "Neubauer, Vilem"]
[Black "Schejbal, Josef"]
[Result "1-0"]
[WhiteElo "1880"]
[BlackElo "2010"]
[PlyCount "115"]
[EventDate "2002.??.??"]
[EventType "swiss"]
[EventRounds "9"]
[EventCountry "CZE"]
[SourceTitle "EXT 2007"]
[Source "ChessBase"]
[SourceDate "2006.11.23"]
[SourceVersion "1"]
[SourceVersionDate "2006.11.23"]
[SourceQuality "1"]

1. f4 e5 2. fxe5 d6 3. Nf3 dxe5 4. e4 Nc6 5. Bc4 Bg4 6. c3 Bxf3 7. Qxf3 Nf6 8. d3 Be7 9. Bg5 0-0 10. Nd2 Na5 11. b4 Nxc4 12. Nxc4 Nd7 13. Be3 Bh4+ 14. g3 Bf6 15. 0-0 Nb6 16. Nb2 Qd7 17. a4 Qh3 18. Qe2 Nd7 19. Rf2 h5 20. Raf1 Qg4 21. Rf3 Rae8 22. Kg2 Qe6 23. R3f2 g6 24. Re1 Bg7 25. h3 b6 26. Nc4 f5 27. exf5 gxf5 28. Bd2 Qd5+ 29. Kg1 h4 30. gxh4 f4 31. Qe4 Qxe4 32. Rxe4 Bf6 33. Rg2+ Kh7 34. Be1 Rg8 35. Nd2 Rxg2+ 36. Kxg2 Kh6 37. Re2 Rg8+ 38. Kh2 Kh5 39. Nf3 Re8 40. Bd2 Bxh4 41. Bxf4 Rf8 42. Nxe5 Re8 43. d4 c5 44. Rg2 Nf6 45. Nf3 Nd5 46. Bd2 cxb4 47. cxb4 Ne3 48. Rg1 Nc4 49. Nxh4 Nxd2 50. Rd1 Kxh4 51. Rxd2 Re3 52. d5 Rxh3+ 53. Kg2 Rg3+ 54. Kf2 Rg7 55. d6 Rd7 56. Kf3 Kg5 57. Ke4 Kf6 58. Kd5 1-0

[Event "Nachod op 7th"]
[Site "Nachod"]
[Date "2001.??.??"]
[Round "1"]
[White "Klicnar, Martin"]
[Black "Neubauer, Vilem"]
[Result "1-0"]
[WhiteElo "2215"]
[BlackElo "1835"]
[PlyCount "85"]
[EventDate "2001.??.??"]
[EventType "swiss"]
[EventRounds "9"]
[EventCountry "CZE"]
[SourceTitle "EXT 2007"]
[Source "ChessBase"]
[SourceDate "2006.11.23"]
[SourceVersion "1"]
[SourceVersionDate "2006.11.23"]
[SourceQuality "1"]

1. c4 g6 2. Nf3 Bg7 3. g3 e5 4. Nc3 f5 5. d3 Ne7 6. e4 d6 7. Bg2 Nbc6 8. 0-0 fxe4 9. Nxe4 0-0 10. Be3 Nf5 11. Bg5 Qe8 12. g4 Nfd4 13. Nxd4 Nxd4 14. Be3 Ne6 15. Ng5 c6 16. Nxe6 Bxe6 17. h3 Qd7 18. Qc2 Rf7 19. f4 exf4 20. Rxf4 Rxf4 21. Bxf4 Bd4+ 22. Kh2 Rf8 23. Bg3 d5 24. Re1 dxc4 25. dxc4 Bc5 26. Qe2 Bf7 27. Qe5 b6 28. b3 Re8 29. Qf6 Rxe1 30. Bxe1 Qd6+ 31. Qxd6 Bxd6+ 32. Bg3 Bxg3+ 33. Kxg3 c5 34. Kf4 Kf8 35. Ke5 Ke7 36. a4 g5 37. Kf5 h6 38. Be4 Be8 39. Bd5 Bf7 40. Bxf7 Kxf7 41. a5 bxa5 42. Ke5 Ke7 43. Kd5 1-0